Towards a New Philosophy: (Record no. 750936)
[ view plain ]
| 000 -LEADER | |
|---|---|
| fixed length control field | 02019nam a22002417a 4500 |
| 003 - CONTROL NUMBER IDENTIFIER | |
| control field | OSt |
| 005 - DATE AND TIME OF LATEST TRANSACTION | |
| control field | 20250813130314.0 |
| 008 - FIXED-LENGTH DATA ELEMENTS--GENERAL INFORMATION | |
| fixed length control field | 250813b |||||||| |||| 00| 0 eng d |
| 020 ## - INTERNATIONAL STANDARD BOOK NUMBER | |
| International Standard Book Number | 9781032764047 |
| 040 ## - CATALOGING SOURCE | |
| Transcribing agency | kul |
| 082 ## - DEWEY DECIMAL CLASSIFICATION NUMBER | |
| Classification number | 181.4 |
| Item number | VOH/T |
| 084 ## - OTHER CLASSIFICATION NUMBER | |
| Source of Number | Colon Classification |
| 100 ## - MAIN ENTRY--PERSONAL NAME | |
| Personal name | Vohra, Ashok (Eds.) |
| 9 (RLIN) | 571 |
| 245 ## - TITLE STATEMENT | |
| Title | Towards a New Philosophy: |
| Remainder of title | The Unpublished Writings of K Satchidananda Murty |
| 260 ## - PUBLICATION, DISTRIBUTION, ETC. | |
| Place of publication, distribution, etc. | New York: |
| Name of publisher, distributor, etc. | Routledge, |
| Date of publication, distribution, etc. | ©2024 |
| 300 ## - PHYSICAL DESCRIPTION | |
| Extent | viii, 108p. |
| 520 ## - SUMMARY, ETC. | |
| Summary, etc. | Kotta Satchidananda Murty (1924–2011) was a vociferous writer and an iconoclast. In recognition of his contribution in the field of Philosophy, he was awarded the highly coveted BC Roy Award in Philosophy, and Padma Vibhushan by the Government of India. This volume is a collection of his unpublished writings. It presents Murty’s unpublished keynote addresses, papers presented in seminars and lectures which show his reflections and arguments in contrast to contemporary philosophers with regard to recent developments in philosophy. The writings reveal Murty’s rejection of established theories by well-known eastern and western philosophers, as well as his arguments in their support, and present a new interpretation of their contention in the contemporary idiom. Murty critically evaluates the contemporary arguments of Malcolm, James Ross, Alvin Plantinga, Charles Hawthorne, Jean-Paul Sartre, Anthony Flew, EH Madden and PH Hare.<br/><br/>An important contribution, the book assesses K. Satchidananda Murty’s contribution to philosophy during sixty-one years of his engagement with active writing and teaching. It will be of great interest to scholars, teachers and students of Indian philosophy, Hindu philosophy, Vedāntic philosophy, Advaita Vedānta, comparative philosophy, religious studies and South Asian studies. |
| 650 ## - SUBJECT ADDED ENTRY--TOPICAL TERM | |
| Topical term or geographic name entry element | Mystical Ontology |
| 9 (RLIN) | 572 |
| 650 ## - SUBJECT ADDED ENTRY--TOPICAL TERM | |
| Topical term or geographic name entry element | Globalization of Philosophy |
| 9 (RLIN) | 573 |
| 650 ## - SUBJECT ADDED ENTRY--TOPICAL TERM | |
| Topical term or geographic name entry element | Philosophy of Language |
| 9 (RLIN) | 574 |
| 700 ## - ADDED ENTRY--PERSONAL NAME | |
| Personal name | Ramesh, Kotta |
| 9 (RLIN) | 575 |
| 942 ## - ADDED ENTRY ELEMENTS (KOHA) | |
| Source of classification or shelving scheme | Dewey Decimal Classification |
| Koha item type | Book |
| Withdrawn status | Lost status | Source of classification or shelving scheme | Damaged status | Not for loan | Collection code | Home library | Current library | Shelving location | Date acquired | Source of acquisition | Cost, normal purchase price | Total Checkouts | Full call number | Barcode | Date last seen | Price effective from | Koha item type |
|---|---|---|---|---|---|---|---|---|---|---|---|---|---|---|---|---|---|
| Dewey Decimal Classification | Non-fiction | Dept. of Philosophy | Dept. of Philosophy | Processing Center | 13/08/2025 | Modern Book Centre, MBC/0637/2024 Dtd 21/02/2025 | 1295.00 | 181.4 VOH/T | PHL4761 | 13/08/2025 | 13/08/2025 | Book |
